[Event "Eliteserien 2009-2010"]
[Site "Haraldsheim"]
[Date "2009.11.06"]
[Round "6"]
[White "Kirkebø, Carl Peter"]
[Black "David, Edwin"]
[Result "1-0"]
[WhiteElo "2080"]
[BlackElo "2197"]
[PlyCount "106"]
[EventDate "2009.??.??"]

1. e4 e6 2. d4 d5 3. e5 c5 4. c3 Nc6 5. Nf3 Qb6 6. a3 Nh6 7. b4 cxd4 8. cxd4
Nf5 9. Bb2 Be7 10. g4 Nh4 11. Nbd2 Nxf3+ 12. Nxf3 Bd7 13. Bd3 O-O-O 14. b5 Na5
15. Qa4 Nc4 16. Bxc4 dxc4 17. Qxc4+ Kb8 18. a4 a6 19. O-O axb5 20. a5 Qa6 21.
Qe2 h5 22. g5 Qc6 23. d5 Qxd5 24. Rfd1 Qc4 25. Qxc4 bxc4 26. h4 Bc6 27. Nd4 Bd5
28. Nb5 Rhf8 29. Bd4 Bf3 30. Rdb1 Be4 31. Rb2 Rxd4 32. Nxd4 Rd8 33. Nb5 Rc8 34.
Nc3 Bd3 35. a6 Rc7 36. a7+ Ka8 37. Na4 Rc6 38. Nb6+ Rxb6 39. Rxb6 Be4 40. Kf1
Bc5 41. Rd6 Bxd6 42. exd6 Bc6 43. Ke2 Bd7 44. Kd2 b5 45. Kc3 Bc6 46. Kb4 Be8
47. f4 Bd7 48. Ra2 Be8 49. Kc5 Bd7 50. Ra1 Be8 51. d7 Bxd7 52. Rd1 c3 53. Rxd7
c2 
1-0

[Event "Eliteserien 2009-2010"]
[Site "Haraldsheim"]
[Date "2009.11.06"]
[Round "6"]
[White "Kvisvik, Brede Alex."]
[Black "Trinh, Anh-Dan Doan"]
[Result "1-0"]
[WhiteElo "2047"]
[BlackElo "1855"]
[PlyCount "87"]
[EventDate "2009.??.??"]

1. e4 e5 2. Nf3 Nc6 3. Bb5 a6 4. Ba4 b5 5. Bb3 Nf6 6. O-O d6 7. Re1 Be7 8. c3
O-O 9. h3 Na5 10. Bc2 c5 11. d4 Qc7 12. Nbd2 cxd4 13. cxd4 Rd8 14. b3 Bb7 15.
Bb2 exd4 16. Nxd4 Ne8 17. Rc1 Qb6 18. Nf5 Bf6 19. Bxf6 Nxf6 20. Qf3 g6 21. Qc3
d5 22. e5 d4 23. Qg3 Nh5 24. Qg5 Qe6 25. Nh6+ Kh8 26. Be4 Bxe4 27. Nxe4 Rd5 28.
Rc7 Rf8 29. Re7 f6 30. Rxe6 fxg5 31. Nf6 Nxf6 32. exf6 Rdd8 33. Rxa6 d3 34.
Rxa5 d2 35. Rd1 Rxf6 36. Ng4 Rc6 37. Rxb5 Rc1 38. Ne3 Rxd1+ 39. Nxd1 Re8 40.
Kh2 Re1 41. Nc3 Rc1 42. Rd5 Rxc3 43. Rxd2 h5 44. b4 
1-0

[Event "Eliteserien 2009-2010"]
[Site "Haraldsheim"]
[Date "2009.11.06"]
[Round "6"]
[White "Byklum, Bjørnar"]
[Black "Urkedal, Frode Olav Olsen"]
[Result "0-1"]
[WhiteElo "2318"]
[BlackElo "2398"]
[PlyCount "110"]
[EventDate "2009.??.??"]

1. d4 Nf6 2. c4 e6 3. Nc3 Bb4 4. e3 b6 5. Nge2 Ne4 6. Qc2 Bb7 7. a3 Bxc3+ 8.
Nxc3 Nxc3 9. Qxc3 O-O 10. b4 d6 11. Bb2 Nd7 12. O-O-O a5 13. b5 f5 14. f3 Qe7
15. Kb1 Rac8 16. a4 e5 17. Ba3 Rce8 18. c5 dxc5 19. dxc5 Nxc5 20. Bxc5 bxc5 21.
Bc4+ Kh8 22. Bd5 Bxd5 23. Rxd5 Qh4 24. Rxc5 Qxa4 25. Qc4 Qxc4 26. Rxc4 Rb8 27.
Rxc7 Rxb5+ 28. Ka2 Rfb8 29. Rhc1 h6 30. Rc8+ Rxc8 31. Rxc8+ Kh7 32. Rc2 Kg6 33.
Ka3 Kg5 34. Ka4 Rd5 35. e4 fxe4 36. fxe4 Rd4+ 37. Kxa5 Rxe4 38. Kb5 Rd4 39. Kc5
Rd8 40. Re2 Kf5 41. Rf2+ Ke6 42. Kc4 e4 43. Kc3 g5 44. h4 Ke5 45. hxg5 hxg5 46.
Rf7 Rd3+ 47. Kc2 g4 48. Rf8 Kd4 49. Rf4 Rg3 50. Rf2 Ra3 51. Kb2 Ke3 52. Rf1 Rd3
53. Re1+ Kf4 54. Re2 e3 55. Kc1 Rd2 
0-1

[Event "Eliteserien 2009-2010"]
[Site "Haraldsheim"]
[Date "2009.11.06"]
[Round "6"]
[White "Hansen, Torbjørn R."]
[Black "Leer-Salvesen, Bjarte"]
[Result "1-0"]
[WhiteElo "2370"]
[BlackElo "2336"]
[PlyCount "119"]
[EventDate "2009.??.??"]

1. e4 e6 2. d4 d5 3. Nd2 dxe4 4. Nxe4 Be7 5. Nf3 Nf6 6. Nxf6+ Bxf6 7. Bd3 c5 8.
dxc5 Qa5+ 9. c3 Qxc5 10. Be3 Qc7 11. O-O Nd7 12. Re1 O-O 13. Ng5 g6 14. Qf3 Bg7
15. Qh3 Nf6 16. Qh4 e5 17. Qc4 Qxc4 18. Bxc4 h6 19. Nf3 Re8 20. Rad1 Bd7 21.
Rd6 g5 22. h4 g4 23. Nh2 Bf5 24. Nf1 Ne4 25. Rdd1 Bf8 26. Bd5 Nc5 27. Ng3 Be6
28. Bxc5 Bxc5 29. Ne4 Be7 30. Bxe6 fxe6 31. h5 Rad8 32. Rxd8 Rxd8 33. Kf1 Kf7
34. Ke2 b5 35. Rd1 Rd5 36. Rd3 Bh4 37. Nd6+ Kf6 38. Rxd5 exd5 39. Nxb5 a5 40.
Nc7 d4 41. cxd4 exd4 42. g3 Bg5 43. Kd3 Bc1 44. b4 axb4 45. Nd5+ Kg5 46. Nxb4
Ba3 47. Nc2 Bc5 48. a4 Kxh5 49. a5 Kg5 50. Nxd4 Ba7 51. a6 h5 52. Nc6 Bb6 53.
a7 Bxa7 54. Nxa7 h4 55. Ke2 h3 56. Kf1 Kf5 57. Nc6 Ke4 58. Kg1 Kd5 59. Nb4+ Ke4
60. Nc2 
1-0

[Event "Eliteserien 2009-2010"]
[Site "Haraldsheim"]
[Date "2009.11.06"]
[Round "6"]
[White "Harestad, Hans K"]
[Black "Bae, Torstein"]
[Result "1/2-1/2"]
[WhiteElo "2190"]
[BlackElo "2387"]
[PlyCount "80"]
[EventDate "2009.??.??"]

1. d4 Nf6 2. c4 g6 3. Nf3 Bg7 4. g3 O-O 5. Bg2 c6 6. Nc3 d5 7. cxd5 cxd5 8. Ne5
e6 9. O-O Nfd7 10. f4 Nc6 11. Be3 Nb6 12. Bf2 Bd7 13. e4 Be8 14. exd5 exd5 15.
Qf3 Ne7 16. Rfe1 Qd6 17. g4 Rd8 18. Bh4 f6 19. Nd3 Nc6 20. Nb5 Qb8 21. f5 Qc8
22. Bg3 Bf7 23. Rac1 Bh6 24. Nxa7 Qa8 25. Nxc6 bxc6 26. Bf4 Bxf4 27. Qxf4 Qxa2
28. Nb4 Qxb2 29. Nxc6 g5 30. Qf2 Qxf2+ 31. Kxf2 Rd6 32. Rc5 Kg7 33. Rb1 Nd7 34.
Rcc1 Ra8 35. Rc2 Rc8 36. Rbc1 Nb6 37. Nb4 Rc4 38. Rxc4 dxc4 39. Ke3 Rd7 40. d5
Bxd5 
1/2-1/2

[Event "Eliteserien 2009-2010"]
[Site "Haraldsheim"]
[Date "2009.11.06"]
[Round "6"]
[White "Bjerke, Silje"]
[Black "Astrup, Kim Chr."]
[Result "0-1"]
[WhiteElo "2179"]
[BlackElo "2142"]
[PlyCount "66"]
[EventDate "2009.??.??"]

1. e4 d6 2. d4 Nf6 3. Nc3 g6 4. Be3 Bg7 5. Qd2 O-O 6. h3 e5 7. dxe5 dxe5 8.
O-O-O Nbd7 9. Nf3 Qe7 10. g4 c6 11. g5 Nh5 12. Ne1 Nc5 13. Nd3 Nxd3+ 14. Bxd3
Rd8 15. Ne2 Be6 16. Qc3 Nf4 17. Ng3 Nxh3 18. Nf5 Bxf5 19. exf5 Nxg5 20. Qd2 Nf3
21. Qe2 e4 22. fxg6 hxg6 23. Bc4 b5 24. Bb3 a5 25. a4 Qb4 26. Bh6 Bf6 27. Qe3
bxa4 28. Qf4 Qe7 29. Ba2 Rdb8 30. c3 Rxb2 31. Bf8 Kxf8 32. Qh6+ Bg7 33. Qe3 Qa3
0-1

[Event "Eliteserien 2009-2010"]
[Site "Haraldsheim"]
[Date "2009.11.06"]
[Round "6"]
[White "Stenersen, Gudmund"]
[Black "Sousa, Ludy Helsio P"]
[Result "1-0"]
[WhiteElo "2205"]
[BlackElo "2205"]
[PlyCount "53"]
[EventDate "2009.??.??"]

1. e4 c5 2. Nc3 d6 3. f4 Nc6 4. Nf3 g6 5. Bc4 Bg7 6. f5 gxf5 7. d3 Nf6 8. O-O
fxe4 9. dxe4 O-O 10. Bg5 Bg4 11. Qd2 Bxf3 12. gxf3 Ne5 13. Be2 Kh8 14. Kh1 Rg8
15. Rg1 a6 16. a4 Qd7 17. Rad1 Qe6 18. b3 Raf8 19. Rg2 Nc6 20. Bc4 Qd7 21. Rdg1
Nh5 22. Bh6 Bxh6 23. Qxh6 Nf6 24. Rg7 Ne5 25. Nd5 Ng6 26. Nxf6 Rxg7 27. Nxd7
1-0

[Event "Eliteserien 2009-2010"]
[Site "Haraldsheim"]
[Date "2009.11.06"]
[Round "6"]
[White "Guttulsrud, Odd Martin"]
[Black "Andreassen, Pål"]
[Result "1/2-1/2"]
[WhiteElo "2041"]
[BlackElo "2002"]
[PlyCount "73"]
[EventDate "2009.??.??"]

1. e4 c5 2. Nf3 d6 3. d4 cxd4 4. Nxd4 Nf6 5. Nc3 g6 6. Be3 Bg7 7. f3 O-O 8. Qd2
Nc6 9. Bc4 Bd7 10. O-O-O Rb8 11. Bb3 Na5 12. Bh6 Bxh6 13. Qxh6 b5 14. Nd5 e5
15. Nf5 Bxf5 16. exf5 Nxb3+ 17. axb3 Nxd5 18. Rxd5 Qe7 19. Re1 Qf6 20. Re4 Rb6
21. Rh4 Qg7 22. f6 Qxh6+ 23. Rxh6 Re8 24. g4 e4 25. fxe4 Rxe4 26. Rd3 d5 27. g5
Re5 28. Rdh3 Rxg5 29. Rxh7 Rh5 30. R3xh5 gxh5 31. Rh6 Re6 32. Kd2 Re5 33. Kd3
Rf5 34. Ke3 a5 35. c3 a4 36. bxa4 bxa4 37. h3 
1/2-1/2

[Event "Eliteserien 2009-2010"]
[Site "Haraldsheim"]
[Date "2010.04.09"]
[Round "7"]
[White "Djurhuus, Rune"]
[Black "Byklum, Bjørnar"]
[Result "1-0"]
[WhiteElo "2414"]
[BlackElo "2318"]
[PlyCount "93"]
[EventDate "2009.??.??"]

1. e4 e5 2. d4 exd4 3. Nf3 d6 4. Nxd4 Nf6 5. Nc3 Be7 6. g3 d5 7. e5 Ng4 8. e6
Nf6 9. exf7+ Kxf7 10. Bg2 c6 11. O-O Re8 12. Nce2 Nbd7 13. b3 Nc5 14. Bb2 Kg8
15. Rc1 Bg4 16. f3 Bh5 17. Nf4 Bf7 18. Qd2 Bd6 19. Nf5 Be5 20. Bxe5 Rxe5 21.
Bh3 Qf8 22. b4 Ncd7 23. Nd3 Ree8 24. Rfe1 b6 25. Qf4 c5 26. bxc5 bxc5 27. Nd6
Rxe1+ 28. Rxe1 c4 29. Nxf7 cxd3 30. cxd3 Re8 31. Rxe8 Qxe8 32. Nd6 Qe1+ 33. Bf1
Ne5 34. Nf5 g6 35. Ne3 Nxd3 36. Qb8+ Kg7 37. Qxa7+ Kh6 38. Ng2 Qc1 39. Qd4 Qc5
40. Qxc5 Nxc5 41. Kf2 d4 42. Nf4 Nfd7 43. Bb5 Nb6 44. Ne2 Ne6 45. a4 d3 46. Nc3
Nc5 47. Ke3 
1-0

[Event "Eliteserien 2009-2010"]
[Site "Haraldsheim"]
[Date "2010.04.09"]
[Round "7"]
[White "Thorstensen, Trond"]
[Black "Harestad, Hans K"]
[Result "1/2-1/2"]
[WhiteElo "2209"]
[BlackElo "2190"]
[PlyCount "26"]
[EventDate "2009.??.??"]

1. d4 Nf6 2. Nf3 g6 3. c4 Bg7 4. Nc3 O-O 5. g3 d6 6. Bg2 Nbd7 7. O-O e5 8. dxe5
dxe5 9. Qc2 c6 10. b4 a5 11. b5 Re8 12. bxc6 bxc6 13. Rb1 Nc5 
1/2-1/2

[Event "Eliteserien 2009-2010"]
[Site "Haraldsheim"]
[Date "2010.04.09"]
[Round "7"]
[White "Astrup, Kim Chr."]
[Black "Skrondal, Inge Sandstad"]
[Result "1/2-1/2"]
[WhiteElo "2142"]
[BlackElo "2247"]
[PlyCount "43"]
[EventDate "2009.??.??"]

1. c4 g6 2. Nc3 c5 3. Nf3 Bg7 4. g3 Nc6 5. Bg2 d6 6. O-O e5 7. a3 Nge7 8. d3
O-O 9. Rb1 a5 10. Ne1 Be6 11. Bg5 f6 12. Be3 b6 13. Nc2 d5 14. cxd5 Nxd5 15.
Nxd5 Bxd5 16. Bxd5+ Qxd5 17. b4 cxb4 18. axb4 Rfb8 19. b5 Ne7 20. Na3 Nf5 21.
Qa4 Bf8 22. Nc4 
1/2-1/2

[Event "Eliteserien 2009-2010"]
[Site "Haraldsheim"]
[Date "2010.04.09"]
[Round "7"]
[White "Gudbrandsen, Gustav"]
[Black "Stenersen, Gudmund"]
[Result "1-0"]
[WhiteElo "2180"]
[BlackElo "2205"]
[PlyCount "109"]
[EventDate "2009.??.??"]

1. e4 e5 2. Nf3 Nc6 3. d4 exd4 4. Nxd4 Nf6 5. Nxc6 bxc6 6. e5 Qe7 7. Qe2 Nd5 8.
c4 Ba6 9. b3 g6 10. Bb2 Nf4 11. Qe4 Ne6 12. Nd2 Bg7 13. O-O-O f5 14. Qe3 c5 15.
Nf3 Bb7 16. h4 h5 17. Ng5 Bh6 18. f4 Bxg5 19. hxg5 a5 20. a4 Kf7 21. Rh2 Bc6
22. Bd3 Qf8 23. Bc2 Qb8 24. g3 Ra6 25. Rhd2 Ke7 26. Ba3 Qb6 27. Rd5 h4 28. Rxc5
Kd8 29. g4 h3 30. gxf5 gxf5 31. Bxf5 h2 32. Bxe6 h1=Q 33. Rxh1 Rxh1+ 34. Kd2
dxe6 35. g6 Rh2+ 36. Kc3 Rg2 37. Qh3 Rxg6 38. Qd3+ Kc8 39. Qxg6 Bd7 40. Qg8+
Kb7 41. Qd8 Bc6 42. Qe7 Ra8 43. Qxe6 Rh8 44. Qxc6+ Qxc6 45. Rxc6 Kxc6 46. f5
Rh5 47. f6 Rf5 48. Kd4 Kd7 49. Kd5 c6+ 50. Kd4 Ke6 51. Bd6 Rf3 52. Kc5 Rxb3 53.
Kxc6 Rb4 54. c5 Rxa4 55. f7 
1-0

[Event "Eliteserien 2009-2010"]
[Site "Haraldsheim"]
[Date "2010.04.09"]
[Round "7"]
[White "Zachariassen, Bjarne"]
[Black "Briseid, Håkon"]
[Result "1/2-1/2"]
[WhiteElo "1932"]
[BlackElo "1992"]
[PlyCount "156"]
[EventDate "2009.??.??"]

1. e4 c5 2. Nf3 b6 3. c3 Bb7 4. e5 Qc7 5. Na3 a6 6. d4 e6 7. Nc2 d6 8. Bf4 Nc6
9. dxc5 dxc5 10. Bd3 Nge7 11. Qe2 Ng6 12. Bg3 Na5 13. O-O c4 14. Be4 Bc5 15. h4
Ne7 16. Rad1 b5 17. Bxb7 Nxb7 18. Ncd4 O-O 19. Ng5 Bxd4 20. cxd4 Nf5 21. Bf4
Rad8 22. Qh5 h6 23. Ne4 Qe7 24. g3 Rd7 25. d5 Rxd5 26. Rxd5 exd5 27. Qxf5 dxe4
28. Qxe4 Nc5 29. Qf3 Nd3 30. Rb1 Nxe5 31. Qe4 Re8 32. Kg2 Nd3 33. Qd4 Nxf4+ 34.
Qxf4 Qe4+ 35. Qxe4 Rxe4 36. Kf3 Rd4 37. Ke3 Rd6 38. Rc1 Kf8 39. a4 Rd3+ 40. Ke2
Rb3 41. Rc2 Ke7 42. axb5 axb5 43. Rd2 Ke6 44. Kd1 h5 45. Kc2 Rf3 46. Kb1 Ke5
47. Kc1 f6 48. Rd7 g6 49. Rb7 Rb3 50. Re7+ Kf5 51. Rf7 Rd3 52. Rb7 Rd5 53. Rh7
Kg4 54. Rh6 Kf5 55. Rh7 Re5 56. Kd2 Ke6 57. Rg7 g5 58. hxg5 fxg5 59. Rh7 g4 60.
Rb7 Kf5 61. Rf7+ Ke4 62. Rf4+ Kd5 63. b3 cxb3 64. Kc3 b2 65. Kxb2 Re4 66. Rf5+
Kc4 67. Rxh5 Re2+ 68. Kc1 Rxf2 69. Rg5 b4 70. Rxg4+ Kc3 71. Rf4 Rc2+ 72. Kb1 b3
73. Rf3+ Kb4 74. Rf8 Rg2 75. Rb8+ Kc3 76. Rc8+ Kd4 77. Rg8 Ke3 78. Rb8 Rxg3
1/2-1/2

[Event "Eliteserien 2009-2010"]
[Site "Haraldsheim"]
[Date "2010.04.09"]
[Round "7"]
[White "Østenstad, Berge"]
[Black "Stokke, Kjetil"]
[Result "1/2-1/2"]
[WhiteElo "2454"]
[BlackElo "2369"]
[PlyCount "55"]
[EventDate "2009.??.??"]

1. d4 Nf6 2. Nf3 g6 3. Bg5 Bg7 4. Nbd2 O-O 5. e3 d6 6. Bc4 c6 7. a4 Bf5 8. O-O
h6 9. Bh4 g5 10. Bg3 Nbd7 11. c3 Ne4 12. Nxe4 Bxe4 13. Nd2 Bh7 14. e4 c5 15. d5
Ne5 16. Re1 Qc8 17. Bf1 f5 18. exf5 Qxf5 19. Nc4 Nxc4 20. Bxc4 Rf7 21. Re3 Qc2
22. Qxc2 Bxc2 23. f3 Bf6 24. a5 Rff8 25. a6 Rab8 26. Re2 Bf5 27. axb7 Rxb7 28.
Be1 
1/2-1/2

[Event "Eliteserien 2009-2010"]
[Site "Haraldsheim"]
[Date "2010.04.09"]
[Round "7"]
[White "Houska, Jovanka"]
[Black "Tisdall, Jonathan"]
[Result "1-0"]
[WhiteElo "2402"]
[BlackElo "2404"]
[PlyCount "85"]
[EventDate "2009.??.??"]

1. d4 Nf6 2. Nf3 e6 3. c4 Bb4+ 4. Bd2 c5 5. Bxb4 cxb4 6. g3 O-O 7. Bg2 d6 8.
O-O Re8 9. Qd3 Qe7 10. Nbd2 e5 11. e4 Bg4 12. Ne1 Nc6 13. Nc2 Nxd4 14. Nxd4
exd4 15. f3 Bd7 16. Nb3 b5 17. Qxd4 bxc4 18. Qxc4 a5 19. Rad1 Qe5 20. Qd4 Be6
21. Rf2 Rec8 22. Rfd2 Qxd4+ 23. Nxd4 Ne8 24. Bf1 Rc5 25. Bb5 Nc7 26. Ba4 Kf8
27. Nxe6+ Nxe6 28. Rxd6 Ra7 29. Kf2 Rac7 30. Ke3 g5 31. R6d5 h6 32. h3 Ke7 33.
f4 gxf4+ 34. gxf4 Rc4 35. Bb3 R4c5 36. f5 Ng7 37. f6+ Kxf6 38. Rf1+ Kg6 39.
Rxc5 Rxc5 40. Bxf7+ Kg5 41. Bb3 Rc8 42. Rg1+ Kf6 43. e5+ 
1-0

[Event "Eliteserien 2009-2010"]
[Site "Haraldsheim"]
[Date "2010.04.09"]
[Round "7"]
[White "Løvik, Lasse Østebø"]
[Black "Gullaksen, Eirik"]
[Result "1/2-1/2"]
[WhiteElo "2342"]
[BlackElo "2386"]
[PlyCount "57"]
[EventDate "2009.??.??"]

1. e4 c5 2. Nf3 Nc6 3. d4 cxd4 4. Nxd4 Nf6 5. Nc3 e5 6. Ndb5 d6 7. Bg5 a6 8.
Na3 b5 9. Nd5 Qa5+ 10. Bd2 Qd8 11. c4 Nxe4 12. cxb5 Be6 13. Bc4 Ne7 14. Be3 Rc8
15. O-O Rxc4 16. Nxc4 Nxd5 17. bxa6 Nxe3 18. fxe3 Be7 19. Nxe5 dxe5 20. Qa4+
Qd7 21. Qxe4 O-O 22. Rac1 Qa7 23. Qb7 Qxb7 24. axb7 Rb8 25. Rc7 Bd6 26. Rc6 Bf8
27. Rc7 Bd6 28. Rc6 Bf8 29. Rc7 
1/2-1/2

[Event "Eliteserien 2009-2010"]
[Site "Haraldsheim"]
[Date "2010.04.09"]
[Round "7"]
[White "Borchgrevink, Harald B"]
[Black "Sahl, Bjarke"]
[Result "0-1"]
[WhiteElo "2241"]
[BlackElo "2338"]
[PlyCount "98"]
[EventDate "2009.??.??"]

1. d4 Nf6 2. Nf3 d5 3. c4 c6 4. e3 a6 5. Nc3 Bf5 6. Qb3 Ra7 7. Bd2 h6 8. Ne5 e6
9. Bd3 Bxd3 10. Nxd3 Be7 11. a4 O-O 12. a5 Nbd7 13. O-O Bd6 14. Rfd1 Bc7 15.
Ne2 Kh8 16. Bb4 Rg8 17. Nc5 Ra8 18. Nxd7 Qxd7 19. Be1 Ne4 20. f3 Nd6 21. c5 Nb5
22. e4 dxe4 23. fxe4 f5 24. e5 g5 25. Qh3 Rg6 26. Bf2 Qd5 27. Qf3 Qd7 28. Nc3
Nxc3 29. Qxc3 Rd8 30. Qb3 Qe8 31. Kf1 Rd5 32. Rd3 Rg7 33. Rad1 Rgd7 34. R1d2
Bd8 35. Qd1 Qg6 36. Rh3 g4 37. Rb3 Bg5 38. Rdd3 h5 39. g3 Rf7 40. Qe2 f4 41.
Ke1 Qf5 42. gxf4 Qxf4 43. h3 Rd8 44. hxg4 Rdf8 45. Be3 Qe4 46. Qh2 Rf1+ 47. Ke2
Rh1 48. Qxh1 Qxh1 49. Bxg5 Qg2+ 0-1

[Event "Eliteserien 2009-2010"]
[Site "Haraldsheim"]
[Date "2010.04.09"]
[Round "7"]
[White "Ekeberg, Carl Fr."]
[Black "Tjølsen, Katrine"]
[Result "1-0"]
[WhiteElo "2267"]
[BlackElo "2274"]
[PlyCount "67"]
[EventDate "2009.??.??"]

1. Nf3 d5 2. d4 Nf6 3. c4 c6 4. e3 Bg4 5. Qb3 Qc7 6. Ne5 Bf5 7. cxd5 cxd5 8.
Nc3 e6 9. Bd2 Nc6 10. Rc1 Be7 11. Bb5 O-O 12. Bxc6 bxc6 13. Nb5 Qb7 14. Nxc6
Rfc8 15. Nbxa7 Rc7 16. Qxb7 Rxb7 17. Nxe7+ Rxe7 18. Nc6 Rb7 19. Bb4 Bd3 20. a3
Ne8 21. Kd2 Bb5 22. Rc3 f6 23. Rhc1 Kf7 24. f3 Ba4 25. Ke1 Rd7 26. Kf2 Rb7 27.
Rc5 Bb5 28. R5c3 Rd7 29. Na5 Ba4 30. Rc5 h6 31. b3 Rxa5 32. Rxa5 Bxb3 33. Rc8
Rb7 34. Rca8 
1-0

[Event "Eliteserien 2009-2010"]
[Site "Haraldsheim"]
[Date "2010.04.09"]
[Round "7"]
[White "Martinsen, Stig K"]
[Black "Diesen, Bruce"]
[Result "1/2-1/2"]
[WhiteElo "2173"]
[BlackElo "2094"]
[PlyCount "91"]
[EventDate "2009.??.??"]

1. d4 Nf6 2. c4 e6 3. Nc3 Bb4 4. a3 Bxc3+ 5. bxc3 c5 6. e3 Nc6 7. Bd3 d6 8. Ne2
e5 9. O-O O-O 10. e4 Re8 11. d5 Na5 12. Ng3 Rb8 13. Rb1 b6 14. Qf3 h6 15. Nf5
Bxf5 16. Qxf5 Qd7 17. Qxd7 Nxd7 18. a4 Re7 19. g3 Rbe8 20. Rb2 Nf6 21. Kg2 Nb7
22. Re1 Na5 23. f3 Nh5 24. Rbe2 g5 25. Rh1 f6 26. h4 Rh7 27. Rh2 Ree7 28. Re1
Ng7 29. Reh1 Ne8 30. Kf2 Reg7 31. Be2 Nc7 32. Be3 Ne8 33. Bc1 Nc7 34. Be3 Kh8
35. Bc1 Nb3 36. Be3 Kg8 37. Bd1 Na5 38. Be2 Nb3 39. Bd3 g4 40. f4 h5 41. Rb1
Na5 42. Ke2 Ne8 43. f5 Rb7 44. Kd1 Rb8 45. Rhb2 Rhb7 46. Kd2 1/2-1/2

[Event "Eliteserien 2009-2010"]
[Site "Haraldsheim"]
[Date "2010.04.09"]
[Round "7"]
[White "Kvisvik, Brede Alex."]
[Black "Haugli, Petter"]
[Result "1/2-1/2"]
[WhiteElo "2047"]
[BlackElo "2259"]
[PlyCount "152"]
[EventDate "2009.??.??"]

1. e4 c5 2. Nf3 e6 3. d4 cxd4 4. Nxd4 Bc5 5. Be3 Qb6 6. Na3 Qa5+ 7. Bd2 Qd8 8.
Nb3 Be7 9. Nc4 d5 10. exd5 exd5 11. Ne5 Nf6 12. Bb5+ Bd7 13. Nxd7 Nbxd7 14. O-O
O-O 15. Bxd7 Qxd7 16. Bg5 Qf5 17. Bxf6 Bxf6 18. c3 Rfe8 19. Qd2 Bg5 20. Nd4 Qg6
21. Qd1 Bf6 22. Nf3 Rad8 23. Qb3 b6 24. Rad1 Qf5 25. Rd2 Bg5 26. Nxg5 Qxg5 27.
Qd1 Qe5 28. h3 Re6 29. Rd4 h6 30. Qd2 Qe2 31. Rd1 b5 32. b3 Rc8 33. Rxd5 Qxd2
34. R1xd2 Rxc3 35. Rxb5 Rc7 36. Rb8+ Kh7 37. Rbd8 Ree7 38. g3 Rb7 39. Kg2 Rec7
40. h4 h5 41. R8d5 g6 42. R5d4 Kg7 43. b4 Rc1 44. a4 Rb1 45. b5 Ra1 46. Rf4 Ra3
47. Rd6 Ra2 48. Ra6 Rb2 49. Rc4 Re7 50. Rac6 Ree2 51. Rf4 Re7 52. Rcc4 Ra2 53.
Rb4 Rd7 54. Rfd4 Re7 55. Rd6 Ree2 56. Rf4 Re7 57. Ra6 Rb2 58. g4 hxg4 59. Rxg4
Kh6 60. Rf6 Kg7 61. Rf3 Kh6 62. Rgf4 Kg7 63. Kh3 Ra2 64. Kg4 Ra1 65. h5 gxh5+
66. Kxh5 Rh1+ 67. Kg4 Ra1 68. Re3 Rd7 69. Kf5 Rd5+ 70. Re5 Rd7 71. Rg4+ Kf8 72.
Rge4 Kg7 73. f4 Rd6 74. Re7 a6 75. Rb7 Rf6+ 76. Ke5 Re6+ 
1/2-1/2

[Event "Eliteserien 2009-2010"]
[Site "Haraldsheim"]
[Date "2010.04.09"]
[Round "7"]
[White "Urkedal, Frode Olav Olsen"]
[Black "Agdestein, Espen"]
[Result "1-0"]
[WhiteElo "2398"]
[BlackElo "2372"]
[PlyCount "73"]
[EventDate "2009.??.??"]

1. d4 Nf6 2. c4 e6 3. Nf3 b6 4. g3 Bb7 5. Bg2 Bb4+ 6. Bd2 Be7 7. Nc3 O-O 8. O-O
Na6 9. Qa4 Qc8 10. Rfd1 c5 11. d5 exd5 12. cxd5 Nxd5 13. Nxd5 Bxd5 14. Bc3 Be6
15. Ne5 d5 16. Nc6 Re8 17. Nxe7+ Rxe7 18. Bxd5 Bxd5 19. Rxd5 Nc7 20. Rd2 b5 21.
Qh4 Rd7 22. Qg4 Ne6 23. Rxd7 Qxd7 24. Bxg7 f5 25. Qf3 Re8 26. Be5 Ng5 27. Qh5
Nf7 28. Bf4 Qd5 29. e3 Qe6 30. Rd1 Rc8 31. Qf3 c4 32. Qb7 a6 33. a3 c3 34. Rd7
cxb2 35. Qxc8+ Kg7 36. Qc3+ Kg6 37. Rd1 
1-0

[Event "Eliteserien 2009-2010"]
[Site "Haraldsheim"]
[Date "2010.04.09"]
[Round "7"]
[White "Skodvin, Eilif"]
[Black "Hansen, Torbjørn R."]
[Result "1/2-1/2"]
[WhiteElo "2343"]
[BlackElo "2370"]
[PlyCount "100"]
[EventDate "2009.??.??"]

1. d4 Nf6 2. c4 g6 3. Nc3 Bg7 4. g3 d6 5. Nf3 O-O 6. Bg2 Nc6 7. O-O a6 8. h3
Bd7 9. e4 e5 10. dxe5 dxe5 11. Be3 Qc8 12. Kh2 h6 13. Ne1 Kh7 14. Nd3 Rd8 15.
Nd5 Be8 16. Rc1 Nd7 17. h4 Nd4 18. Bxd4 exd4 19. h5 c6 20. hxg6+ fxg6 21. N5f4
Nf8 22. e5 Bd7 23. Re1 Bf5 24. Be4 Re8 25. Bg2 Re7 26. b4 Qc7 27. b5 axb5 28.
cxb5 Qd8 29. bxc6 bxc6 30. Rxc6 Rxa2 31. Rd6 Qa5 32. Rxd4 Bxd3 33. Rxd3 Rxf2
34. e6 Qa2 35. Qb3 g5 36. Qxa2 Rxa2 37. Nd5 Rxe6 38. Rxe6 Nxe6 39. Kg1 Bd4+ 40.
Kh2 g4 41. Nb4 Rb2 42. Nc6 Bc5 43. Ne5 h5 44. Rd7+ Kh6 45. Nd3 Rc2 46. Nxc5
Nxc5 47. Rd6+ Kg5 48. Rd5+ Kg6 49. Rd6+ Kg7 50. Rd5 Kg6 
1/2-1/2

[Event "Eliteserien 2009-2010"]
[Site "Haraldsheim"]
[Date "2010.04.09"]
[Round "7"]
[White "Bae, Torstein"]
[Black "Gabrielsen, Stig"]
[Result "1-0"]
[WhiteElo "2387"]
[BlackElo "2302"]
[PlyCount "55"]
[EventDate "2009.??.??"]

1. e4 c5 2. Nf3 Nc6 3. d4 cxd4 4. Nxd4 Nf6 5. Nc3 d6 6. Bc4 e6 7. Be3 a6 8. Qe2
Be7 9. O-O-O O-O 10. g4 Nxd4 11. Bxd4 b5 12. Bb3 Nd7 13. f4 Qe8 14. g5 Nc5 15.
e5 Bb7 16. Rhg1 Rd8 17. Kb1 Qc6 18. f5 Nxb3 19. f6 Nxd4 20. Rxd4 dxe5 21. Rh4
Rd4 22. Rxh7 g6 23. Rg7+ Kh8 24. fxe7 Re8 25. Qxe5 Qd6 26. Qxd6 Rxd6 27. Rxf7
Kg8 28. Rgf1 
1-0

[Event "Eliteserien 2009-2010"]
[Site "Haraldsheim"]
[Date "2010.04.09"]
[Round "7"]
[White "Gabrielsen, Trond"]
[Black "Bjerke, Silje"]
[Result "1/2-1/2"]
[WhiteElo "2230"]
[BlackElo "2179"]
[PlyCount "82"]
[EventDate "2009.??.??"]

1. d4 Nf6 2. Nf3 g6 3. Bg5 Bg7 4. Nbd2 d5 5. e3 O-O 6. Bd3 c5 7. c3 Nc6 8. dxc5
Bg4 9. O-O Ne5 10. Be2 Nxf3+ 11. Bxf3 Bxf3 12. Qxf3 Rc8 13. Rfd1 a5 14. e4 dxe4
15. Nxe4 Qc7 16. Bxf6 Bxf6 17. Nxf6+ exf6 18. b4 b6 19. Rd5 Qb7 20. cxb6 axb4
21. cxb4 Qxb6 22. a3 Rc2 23. Re1 Rfc8 24. Rd3 Ra2 25. h4 Rcc2 26. Rf1 h5 27.
Qf4 Qb5 28. Qd4 Kg7 29. g3 Qe5 30. Qxe5 fxe5 31. Rb3 e4 32. b5 e3 33. Rxe3 Rcb2
34. Rf3 Rxb5 35. Rc1 Rb7 36. Rcc3 Ra7 37. Kg2 Ra1 38. Rfe3 Ra2 39. Kf3 Kf6 40.
Rb3 Kg7 41. Red3 Ra6 
1/2-1/2

[Event "Eliteserien 2009-2010"]
[Site "Haraldsheim"]
[Date "2010.04.09"]
[Round "7"]
[White "Guttulsrud, Odd Martin"]
[Black "Johansen, Terje"]
[Result "0-1"]
[WhiteElo "2041"]
[BlackElo "2177"]
[PlyCount "106"]
[EventDate "2009.??.??"]

1. e4 c6 2. d4 d5 3. Nc3 dxe4 4. Nxe4 Bf5 5. Ng3 Bg6 6. Bc4 e6 7. N1e2 Bd6 8.
O-O Qc7 9. f4 Ne7 10. Bd3 Nd7 11. Ne4 Bxe4 12. Bxe4 Nf6 13. Bf3 Ng6 14. g3 h5
15. h4 Ne7 16. c4 Nf5 17. Kg2 Rh6 18. Qa4 Rg6 19. Kh3 Kf8 20. Rg1 Qe7 21. Bd2
Ng4 22. Be1 Qf6 23. Bb4 Kg8 24. Bxd6 Nge3 25. Kh2 Nxd6 26. c5 Ndf5 27. Qb3 Qe7
28. Qd3 Rd8 29. b4 Ng4+ 30. Bxg4 Rxg4 31. Rg2 a6 32. Qe4 Rd5 33. Rd1 Qd8 34. a4
Kf8 35. Ng1 Nxd4 36. Rd3 Nf5 37. Rxd5 cxd5 38. Qd3 Qc7 39. Nh3 f6 40. Qe2 Nd4
41. Qd3 e5 42. Nf2 Qd7 43. Nxg4 hxg4 44. Qd1 Nf3+ 45. Kh1 d4 46. fxe5 fxe5 47.
Rf2 d3 48. Rxf3+ gxf3 49. Qxf3+ Kg8 50. Kg2 d2 51. Qd1 e4 52. Kf2 Qd3 53. Qh5
Qf3+ 
0-1

[Event "Eliteserien 2009-2010"]
[Site "Haraldsheim"]
[Date "2010.04.09"]
[Round "7"]
[White "Solberg, Joachim"]
[Black "Hoem, Tor Wetle"]
[Result "1-0"]
[WhiteElo "2154"]
[BlackElo "1812"]
[PlyCount "47"]
[EventDate "2010.??.??"]

1. e4 d6 2. d4 Nf6 3. Nc3 e5 4. Nf3 Nbd7 5. Bc4 h6 6. h3 c6 7. a4 Be7 8. Be3
Qc7 9. Qd3 Nf8 10. O-O-O a6 11. g4 b5 12. Bb3 g5 13. Kb1 Ng6 14. Rdg1 Bd7 15.
h4 Nxg4 16. hxg5 h5 17. Nh4 Nxh4 18. Rxh4 Qd8 19. Rgh1 Bxg5 20. Rxh5 Rxh5 21.
Rxh5 Bf6 22. Rh7 Be6 23. Bxe6 fxe6 24. Qe2 
1-0

[Event "Eliteserien 2009-2010"]
[Site "?"]
[Date "2010.04.09"]
[Round "7"]
[White "Lahlum, Hans O"]
[Black "Trygstad, Kristian S"]
[Result "1/2-1/2"]
[WhiteElo "2173"]
[BlackElo "2295"]
[PlyCount "51"]
[EventDate "2010.??.??"]

1. d4 Nf6 2. c4 g6 3. Nc3 Bg7 4. e4 d6 5. f3 a6 6. Be3 c6 7. Qd2 b5 8. Bd3 Nbd7
9. b3 O-O 10. Nge2 bxc4 11. Bxc4 Bb7 12. O-O d5 13. exd5 cxd5 14. Bd3 Ne8 15.
Rac1 f6 16. Bb1 Nb6 17. Nf4 Nc7 18. Rfe1 Re8 19. h4 Nc8 20. Rcd1 Nd6 21. h5 g5
22. Nfe2 e6 23. g4 Qd7 24. Ng3 Rad8 25. Na4 Qf7 26. Bd3 1/2-1/2